| 000 | 01351cam a22003497a 4500 | ||
|---|---|---|---|
| 003 | CHAP | ||
| 005 | 20220817043703.0 | ||
| 008 | 000621d1999 mx r 00110 esp d | ||
| 010 | _a81663 | ||
| 011 | _a82635 | ||
| 020 | _a9701322908 | ||
| 035 | _a93134 | ||
| 040 | _cCHAP | ||
| 082 | 0 | 4 |
_a021.65 _bI55 |
| 110 | 2 |
_aInstituto Nacional de Estadística, Geografía e Informática. México _959304 |
|
| 245 | 1 | 0 |
_aConsulta nacional a generadores y usuarios de información agropecuaria y forestal, 1996 _c/por Instituto Nacional de Estadística Geografía e Informática |
| 260 |
_aAguascalientes, Ags. : _bInstituto Nacional de Estadística Geografía e Informática, _c1999- |
||
| 300 |
_av. : _banexos |
||
| 500 | _aLa biblioteca tiene : v.1 | ||
| 590 |
_aBATCH-UPD _b10 _c20130110 _lUCH01 _h1304 |
||
| 590 |
_aBATCH-UPD _b10 _c20130410 _lUCH01 _h0820 |
||
| 590 |
_aBATCH-UPD _b10 _c20130914 _lUCH01 _h1941 |
||
| 590 |
_aCONVERSION _b10 _c20130109 _lUCH01 _h1345 |
||
| 650 | 1 | 4 |
_aAgricultura _xEstadisticas _zMexico. |
| 650 | 1 | 4 |
_aProductos forestales _xEstadísticas _zMéxico. _992083 |
| 650 | 1 | 4 |
_aProductos pecuarios _xEstadísticas _zMéxico. _992170 |
| 650 | 1 | 4 |
_aSistemas de información. _9106760 |
| 901 | _aBK | ||
| 905 | _aLilia Sánchez G. | ||
| 942 | _cLIBRO | ||
| 949 |
_a021.65 I55 v.1 _bBC _cINEGI _d33724000748570 _eINEGI _h97010 _i93134 _sex |
||
| 999 |
_c81663 _d81663 |
||